1504 1396 1244 1471 1338 1733 1876 1310 1724 1182 1395 1750 1193 1375 1778 1710 1947 1423 1793 1203 1862 1647 1289 1297 1923 1256 1124 1738 1913 1026 1164 1972 1843 1302 1287 1765 1441 1888 1370 1744 1664 1609 1005 1105 1460 1607 1869 1736 1973 1346 1543 1410 1523 1714 1482 1186 1456 1935 1142 1379 1172 1226 1566 1752 2000 1799 1208 1526 1507 1626 1696 1134 1607 1614 1108 1351 1981 1321 1538 1085 1171 1079 1093 1112 1844 1589 1550 1693 1792 1906 1301 1181 1834 1829 1577 1909 1798 1127 1593 BCNSPRNW ULIB Ver.6.0+V

เปลี่ยนเป็นภาษาไทย

Change to English
 แสดงรายละเอียดบรรณานุกรม
  กลับหน้าหลัก

Brief Record : Get Marc (ISO 2709) : E-mail record : QR code < ปิดหน้าต่าง
LEADER : 00000nam 2200000uu 4500
001    13399115111
003     ULIB
008    110627s2550||||th 000 0 tha d
020    978974788412
082 04 นว.^bว328ห
090    นว.^bว328ห
100 0  วรินดา อลอนโซ
245 00 Chocolat chaud a Paris = เหตุเกิดที่ร้านช็อกโกแลต/^cวรินดา อลอนโซ
260    กรุงเทพฯ :^bเนชั่นบุ๊คส์,^c2550
300    302 หน้า
710 1  เนชั่นบุ๊คส์
945    ^p225^l0^i022027
995    ทศพร
999 ^a ใช้งานได้ทุกระบบ
รายการนี้ยังไม่มีแท็ก
คุณยังไม่ได้ล็อกอิน คุณสามารถมีกิจกรรมร่วมกับเว็บไซต์ได้ แต่ต้องล็อกอินก่อน ::
  ล็อกอิน

รายการสื่อสารสนเทศ

ลำดับที่ ประเภท เลขเรียก/บาร์โค้ด สถานที่ สถานะ
1. นวนิยาย
นวนิยาย
นว. ว328หนว. ว328ห ฉ.1 
  Barcode: 022027
ห้องสมุดวิทยาเขตสวรรค์ประชารักษ์
►นวนิยาย
บนชั้น
  ขอยืม

BibComment


ยังไม่เคยถูกคอมเมนท์

คอมเมนท์ทรัพยากรรายการนี้
  คอมเมนท์: Chocolat chaud a ..


 Copyright 2026. Bcnsprnw @Library